Traduction en Espagnol - Thème Vêtements & Accessoires - Statistiques

Statistiques générales
  • Ce quiz a été pris 23 fois
  • Le résultat moyen est 30 sur 109
Statistiques - réponses
Français Espagnol % Correct
Bague Anillo
81%
Chapeau Sombrero
81%
Chemise Camisa
75%
Chaussures Zapatos
75%
Bottes Botas
69%
Chaussettes Calcetines
69%
T-shirt Camiseta
69%
Collier Collar
63%
Baskets Zapatillas
63%
Bermuda Bermuda
56%
Sac à main Bolso
56%
Ceinture Cinturón
56%
Cravate Corbata
56%
Jupe Falda
56%
Pantalon Pantalón
56%
Boucles d'oreilles Pendientes
56%
Pyjama Pijama
56%
Robe Vestido
56%
Blouse Blusa
50%
Culotte Braga
50%
Écharpe Bufanda
50%
Lunettes Gafas
50%
Lunettes de soleil Gafas de sol
50%
Casquette Gorra
50%
Gants Guantes
50%
Costume Traje
50%
Manteau Abrigo
44%
Manteau d'hiver Abrigo de invierno
44%
Blazer Blazer
44%
Boxer Bóxer
44%
Bonnet Gorro
44%
Bijoux Joyas
44%
Manches Mangas
44%
Parapluie Paraguas
44%
Soutien-gorge Sujetador
44%
Slip Calzoncillo / Braga
38%
Cardigan Cárdigan
38%
Portefeuille Cartera
38%
Bracelet Pulsera
38%
Montre Reloj
38%
Sous-vêtements Ropa interior
38%
Bavoir Babero
31%
Bottines Botines
31%
Cachemire Cachemira
31%
Gilet Chaleco
31%
Veste Chaqueta
31%
Manteau imperméable Impermeable
31%
Pantoufles Pantuflas
31%
Satin Satén
31%
Pull Suéter / Jersey
31%
Talons Tacones
31%
Maillot de bain Traje de baño
31%
Jean Vaqueros
31%
Peignoir Bata
25%
Débardeur Camiseta sin mangas
25%
Tongs Chanclas
25%
Legging Leggings
25%
Lin Lino
25%
Mocassins Mocasines
25%
Sac à dos Mochila
25%
Trousse de toilette Neceser
25%
Short Pantalón corto
25%
Polyester Poliéster
25%
Taille haute Talle alto
25%
Taille basse Talle bajo
25%
Haut Top
25%
Cuir Cuero
19%
Laine Lana
19%
Combinaison Mono / Enterizo
19%
Sandales Sandalias
19%
Serre-tête Diadema
13%
Smoking Esmoquin
13%
Collant Medias pantis
13%
Mitaines Mitones
13%
Foulard Pañuelo
13%
Coton Algodón
6%
Béret Boina
6%
Porte-clés Llavero
6%
Bas Medias
6%
Soie Seda
6%
Sweat Sudadera
6%
Moulant Ajustado
0%
Espadrilles Alpargatas
0%
Sur mesure A medida
0%
Robe de chambre Bata de casa
0%
Chaussures de randonnée Botas de senderismo
0%
Broche Broche
0%
Cartable Cartera escolar
0%
Gilet de sécurité Chaleco de seguridad
0%
Survêtement Chándal
0%
Bandeau Cinta para el pelo
0%
Pendentif Colgante
0%
Coupe-vent Cortavientos
0%
Coupe ajustée Corte ajustado
0%
Chaussures de sport Deportivas
0%
Dentelle Encaje
0%
Polaire Forro polar
0%
Housse pour ordinateur Funda para portátil
0%
Daim Gamuza
0%
Élastique (à cheveux) Goma para el pelo
0%
Épingles à cheveux Horquillas
0%
Nylon Nailon
0%
Nœud papillon Pajarita
0%
Salopette Peto
0%
Doudoune Plumífero
0%
Rayé Rayado
0%
Sweat à capuche Sudadera con capucha
0%
Velours Terciopelo
0%
Bretelles Tirantes
0%
Aucun quiz correspondant
Distribution des résultats
% des personnes avec chaque résultat
Percentile par nombre de réponses
Votre historique - résultats
Vous n’avez pas pris ce quiz